Manual of traffic engineering studies (Record no. 33603)

000 -LEADER
fixed length control field 00526nam a22001937a 4500
001 - CONTROL NUMBER
control field 33603
003 - CONTROL NUMBER IDENTIFIER
control field BD-DhUET
008 - FIXED-LENGTH DATA ELEMENTS--GENERAL INFORMATION
fixed length control field 150917b xxu||||| |||| 00| 0 eng d
040 ## - CATALOGING SOURCE
Transcribing agency DLC
Modifying agency BD-DhUET
082 ## - DEWEY DECIMAL CLASSIFICATION NUMBER
Classification number 388.312
Item number CLE/1964
100 ## - MAIN ENTRY--PERSONAL NAME
Personal name Cleveland, Donald E.
245 ## - TITLE STATEMENT
Title Manual of traffic engineering studies
250 ## - EDITION STATEMENT
Edition statement 3rd ed.
260 ## - PUBLICATION, DISTRIBUTION, ETC. (IMPRINT)
Place of publication, distribution, etc. Woshington .D. C.
Name of publisher, distributor, etc. Institute of traffic Engineers
Date of publication, distribution, etc. 1964
300 ## - PHYSICAL DESCRIPTION
Extent xii, 187 p.
Other physical details ill
504 ## - BIBLIOGRAPHY, ETC. NOTE
Bibliography, etc Includes bibliographies
650 #0 - SUBJECT ADDED ENTRY--TOPICAL TERM
Topical term or geographic name as entry element Traffic engineering
942 ## - ADDED ENTRY ELEMENTS (KOHA)
Koha item type Edited Book
Holdings
Koha full call number Koha normalized classification for sorting Piece designation (barcode) Not for loan Copy number Koha item type Date acquired Sublocation or collection (holding branch) Source of classification or shelving scheme Location (home branch) Damaged status Withdrawn status Price effective from Shelving location Lost status Koha date last seen
388.312/CLE/1964388_312000000000000_CLE_196484362 1Edited Book2015-09-17Central Library, BUET Central Library, BUET  2015-09-17Reference section 2015-09-17
388.312/CLE/1964388_312000000000000_CLE_196422130 2Edited Book2017-03-12Central Library, BUET Central Library, BUET  2017-03-12Circulation section 2017-03-25
388.312/CLE/1964388_312000000000000_CLE_196422128 3Edited Book2017-03-12Central Library, BUET Central Library, BUET  2017-03-12Circulation section 2017-03-12
388.312/CLE/1964388_312000000000000_CLE_196422126 4Edited Book2017-03-12Central Library, BUET Central Library, BUET  2017-03-12Circulation section 2017-03-12
388.312/CLE/1964388_312000000000000_CLE_196422127 5Edited Book2017-03-12Central Library, BUET Central Library, BUET  2017-03-12Circulation section 2017-03-12
388.312/CLE/1964388_312000000000000_CLE_196422129 6Edited Book2017-03-12Central Library, BUET Central Library, BUET  2017-03-12Circulation section 2017-03-12